50 films à remplir - 1999 - Statistiques

Statistiques générales
  • Ce quiz a été pris 196 fois
  • Le résultat moyen est 37 sur 50
Statistiques - réponses
Hint Réponse % Correct
Toy ... 2 Story
97%
... d'Arc Jeanne
95%
... Pattes 1001
93%
... Pie American
93%
Astérix et Obélix contre ... César
93%
La ... verte Ligne
93%
... contre tous Seul
93%
... Sens Sixième
92%
... Club Fight
91%
Star Wars, épisode I : La ... fantôme Menace
91%
Coup de foudre à ... Hill Notting
91%
Wild ... West Wild
91%
Jugé ... Coupable
89%
Rush ... Hour
88%
... (37e classique d'animation de Disney) Tarzan
88%
Le Projet ... Witch Blair
86%
Les ... du marais Enfants
86%
Inspecteur ... Gadget
86%
... Little Stuart
86%
Austin ... - L'espionnes qui m'a tirée Powers
85%
Sleepy ..., la légende du cavalier sans tête Hollow
84%
Dans la peau de John ... Malkovich
82%
American ... Beauty
79%
Eyes Wide ... Shut
78%
... Park, le film : Plus long, plus long grand et pas coupé South
78%
À ... ouvert Tombeau
78%
... sur ma mère Tout
78%
Buena ... Social Club Vista
78%
La ... Momie
77%
Le ... ne suffit pas Monde
76%
Le ... de fer Géant
74%
... d'État Ennemi
72%
Le Talentueux Mr ... Ripley
70%
... in Love Shakespeare
67%
Jin-Roh - La ... des loups Brigade
65%
... Créateur Le
65%
La Neuvième ... Porte
65%
L'Enfer du ... Dimanche
64%
... on the Moon Man
63%
... (par les Wachowski) Matrix
60%
Le 13e ... Guerrier
59%
... Blues Mafia
47%
Mes voisins les ... Yamada
45%
Buffalo'... 66
44%
L'été de ... Kikujiro
43%
... Quest Galaxy
41%
... (film choral de Paul Thomas Anderson) Magnolia
41%
... Dog - La Voie du samouraÏ Ghost
36%
... (premier film de Christopher Nolan) Following
24%
... : L'Enfance d'un chef Himalaya
16%
Aucun quiz correspondant
Distribution des résultats
% des personnes avec chaque résultat
Percentile par nombre de réponses
Votre historique - résultats
Vous n’avez pas pris ce quiz